Hungary in Eurovision - 12 points - Statistics

General Stats
  • This quiz has been taken 30 times
    21 since last reset
  • The average score is 35 of 40
Answer Stats
Hint Answer % Correct
2007 SF Serbia
100%
2007 Serbia
100%
2008 Azerbaijan
94%
2009 SF Azerbaijan
94%
2013 SF Azerbaijan
94%
2013 Azerbaijan
94%
2016 SF (Televote) Azerbaijan
94%
KZM (1993 QR) Croatia
94%
2009 Norway
94%
2015 SF Russia
94%
2012 Sweden
94%
2016 (Televote) Ukraine
94%
1997 United Kingdom
94%
2016 (Jury) Australia
89%
2008 SF Denmark
89%
2018 SF (Televote) Denmark
89%
2018 (Jury) Denmark
89%
2018 (Televote) Denmark
89%
1994 Germany
89%
2005 Greece
89%
2016 SF (Jury) Malta
89%
1996 QR Netherlands
89%
1998 Netherlands
89%
2014 SF Netherlands
89%
2014 Netherlands
89%
2017 (Jury) Portugal
89%
2005 SF Romania
89%
2018 SF (Jury) Romania
89%
2015 Belgium
83%
2017 SF (Jury) Bulgaria
83%
2017 SF (Televote) Bulgaria
83%
2017 (Televote) Bulgaria
83%
2019 (Jury) Czech Republic
83%
2011 SF Iceland
83%
2011 Iceland
83%
2019 (Televote) Iceland
83%
1995 Cyprus
78%
2012 SF Finland
78%
2019 SF (Jury) Belarus
72%
2019 SF (Televote) San Marino
72%
No matching quizzes found
Score Distribution
Percent of People with Each Score
Percentile by Number Answered
Your Score History
You have not taken this quiz since the last reset